| 000 | 01984nam a2200433 c 4500 | ||
|---|---|---|---|
| 001 | 53299 | ||
| 003 | ES-MaCES | ||
| 005 | 20250203133055.0 | ||
| 007 | cr ||||||||||| | ||
| 008 | 240802s2022 sz r i000 | spa d | ||
| 020 | _a9789220365106 (pdf web) | ||
| 040 |
_aES-MaCES _bspa _cES-MaCES |
||
| 041 | 0 |
_aspa _aeng _afre |
|
| 245 | 0 | 0 |
_aInforme mundial sobre salarios 2022-2023 _hRecurso electrónico _b: el impacto de la inflación y de la COVID-19 en los salarios y el poder adquisitivo _cOrganización Internacional del Trabajo |
| 250 | _a1ª ed | ||
| 260 |
_aGinebra _bOIT _c2022 |
||
| 300 | _a1 documento pdf (10,7 mb) | ||
| 500 | _aPub. simultáneamente en inglés y francés bajo los tits. respectivamente: Global Wage Report 2022–23 :the impact of inflation and COVID-19 on wages and purchasing power, y en francés:Rapport mondial sur les salaires 2022-23: l’impact de l’inflation et du COVID-19 sur les salaires et le pouvoir d’achat | ||
| 504 | _aBibliografía: p. 143-144 | ||
| 541 | _cGratuito | ||
| 650 | 4 |
_aCovid-19 _939751 |
|
| 650 | 4 |
_ainflación _928097 |
|
| 650 | 4 |
_aevaluación del impacto _930732 |
|
| 650 | 4 |
_asalario _928387 |
|
| 650 | 4 |
_apoder adquisitivo _927113 |
|
| 650 | 4 |
_adiferencia del salario _929458 |
|
| 650 | 4 |
_apolítica salarial _928391 |
|
| 650 | 4 |
_a2022-2023 _941127 |
|
| 650 | 4 |
_ainforme _928986 |
|
| 653 | 1 | 0 | _aRelaciones laborales-Empleo |
| 710 | 2 |
_94718 _aOrganización Internacional del Trabajo _eed. |
|
| 740 | 0 | 2 | _aGlobal Wage Report 2022–23 |
| 740 | 0 | 2 | _aRapport mondial sur les salaires 2022-23 |
| 775 | 0 |
_tGlobal wage report 2020-21 Recurso electrónico : wages and minimum wages in the time of COVID-19 International Labour Organization _w(ES-MaCES)51726 |
|
| 856 | 4 |
_uhttps://doi.org/10.54394/LYHG2399 _yhttps://doi.org/10.54394/LYHG2399 |
|
| 856 | 4 |
_uhttp://biblioteca.ces.es/repintra/B53299.pdf _ytexto completo _z[intranet] |
|
| 902 | _aELE PUB. ELECTRONICA | ||
| 942 |
_2CES _cBK _h2.0. |
||
| 999 |
_c53299 _d53299 |
||